[Event "GER-ch U12"]
[Site "Willingen"]
[Date "2022.06.08"]
[Round "6"]
[White "Burkart, Lloyd Shang"]
[Black "Fettig, Michel"]
[Result "1-0"]
[WhiteElo "1559"]
[BlackElo "1407"]
[PlyCount "21"]
[EventDate "2022.06.04"]
[EventType "swiss"]
[EventRounds "9"]
[EventCountry "GER"]
[SourceTitle "CBM 208 Extra"]
[Source "ChessBase"]
[SourceDate "2022.07.31"]
[SourceVersion "1"]
[SourceVersionDate "2022.07.31"]
[SourceQuality "1"]

1. d4 Nf6 2. c4 g6 3. Nf3 Bg7 4. Nc3 0-0 5. Bf4 d5 6. e3 Bf5 7. Qb3 b6 8. Nxd5 Nxd5 9. cxd5 Nd7 10. Rc1 Rc8 11. Ba6 1-0

[Event "GER-ch U10"]
[Site "Willingen"]
[Date "2021.08.28"]
[Round "9"]
[White "Gavrylyuk, Oleksandr"]
[Black "Fettig, Michel"]
[Result "1/2-1/2"]
[WhiteElo "1151"]
[BlackElo "1297"]
[PlyCount "25"]
[EventDate "2021.08.22"]
[EventType "swiss"]
[EventRounds "11"]
[EventCountry "GER"]
[SourceTitle "EXT 2022"]
[Source "ChessBase"]
[SourceDate "2021.10.06"]
[SourceVersion "1"]
[SourceVersionDate "2021.10.06"]
[SourceQuality "1"]

1. Nf3 d5 2. g3 g6 3. Bg2 Bg7 4. d3 e6 5. 0-0 Ne7 6. Nbd2 0-0 7. c3 Bd7 8. Qc2 c5 9. e4 Na6 10. Ne1 Rc8 11. f4 d4 12. Nc4 Bb5 13. Na3 1/2-1/2

[Event "GER-ch Net Amateur Gr-C Vor3"]
[Site "Playchess.com INT"]
[Date "2020.04.16"]
[Round "8"]
[White "Bone, Karin"]
[Black "Fettig, Michel"]
[Result "1-0"]
[WhiteElo "1256"]
[BlackElo "1467"]
[PlyCount "122"]
[EventDate "2020.04.16"]
[EventType "swiss (blitz)"]
[EventRounds "9"]
[EventCountry "GER"]
[SourceTitle "CBM 195 Extra"]
[Source "ChessBase"]
[SourceDate "2020.05.31"]
[SourceVersion "1"]
[SourceVersionDate "2020.05.31"]
[SourceQuality "1"]

1. e4 e6 2. d4 d5 3. Nc3 c5 4. Nf3 Bd7 5. Bf4 Nc6 6. Bc4 cxd4 7. Nxd4 Bb4 8. exd5 exd5 9. Bxd5 Nge7 10. 0-0 Bxc3 11. bxc3 Nxd5 12. Nb5 Nxf4 13. Re1+ Ne6 14. Nd6+ Ke7 15. Rb1 b6 16. Nf5+ Kf8 17. Qd6+ Qe7 18. Nxe7 Nxe7 19. Qxd7 Rd8 20. Qxa7 g6 21. Qxb6 Kg7 22. h3 Rc8 23. Qb4 Nd5 24. Qa4 Nxc3 25. Rxe6 fxe6 26. Qd4+ Kf7 27. Re1 Rhd8 28. Qf4+ Ke7 29. Qh6 Rf8 30. Qxh7+ Rf7 31. Qxg6 Rc6 32. a4 Nxa4 33. Qg5+ Rf6 34. Qa5 Nc3 35. Qa7+ Kd6 36. Qa5 Rf5 37. Qa3+ Rfc5 38. Qb3 Rd5 39. Qb2 Rc4 40. Qb6+ Rc6 41. Qd8+ Kc5 42. Qe8 Nb5 43. Rxe6 Rxe6 44. Qxe6 Rd1+ 45. Kh2 Rd2 46. Qe5+ Rd5 47. Qe3+ Rd4 48. Qe5+ Rd5 49. Qb8 Kd4 50. Qf8 Nc3 51. Qg7+ Kc4 52. f3 Rd2 53. h4 Ne2 54. h5 Nf4 55. Qf7+ Rd5 56. Qxf4+ Rd4 57. Qf6 Rd5 58. Qf7 Kc5 59. h6 Rd8 60. h7 Rh8 61. Qg7 Rxh7+ 1-0

[Event "GER-ch Net Amateur Gr-C Vor3"]
[Site "Playchess.com INT"]
[Date "2020.04.16"]
[Round "3"]
[White "Ruddat, Jarne"]
[Black "Fettig, Michel"]
[Result "0-1"]
[WhiteElo "1659"]
[BlackElo "1442"]
[PlyCount "72"]
[EventDate "2020.04.16"]
[EventType "swiss (blitz)"]
[EventRounds "9"]
[EventCountry "GER"]
[SourceTitle "CBM 195 Extra"]
[Source "ChessBase"]
[SourceDate "2020.05.31"]
[SourceVersion "1"]
[SourceVersionDate "2020.05.31"]
[SourceQuality "1"]

1. e4 e5 2. Nf3 Nc6 3. d4 exd4 4. Nxd4 Bc5 5. Be3 Nxd4 6. Bxd4 Bxd4 7. Qxd4 Ne7 8. Bc4 0-0 9. 0-0 b6 10. Nc3 Bb7 11. Rad1 d6 12. Nd5 Nxd5 13. Bxd5 Bxd5 14. Qxd5 Rb8 15. Rd2 Re8 16. Rfd1 Re5 17. Qd4 h6 18. f4 Re7 19. e5 Rd7 20. exd6 cxd6 21. b4 Rbb7 22. Qb2 Rbc7 23. Qb3 Rb7 24. c4 b5 25. c5 dxc5 26. Rxd7 Rxd7 27. Rxd7 Qxd7 28. bxc5 Qc6 29. Qb4 a5 30. Qxa5 Qxc5+ 31. Kf1 Qc1+ 32. Kf2 Qc2+ 33. Kg3 Qd3+ 34. Kg4 f5+ 35. Kh5 Qe2+ 36. Kg6 Qg4# 0-1

[Event "GER-ch Net Amateur Gr-C Vor2"]
[Site "Playchess.com INT"]
[Date "2020.04.15"]
[Round "2"]
[White "Zemmrich, Filip"]
[Black "Fettig, Michel"]
[Result "0-1"]
[WhiteElo "1620"]
[BlackElo "1400"]
[PlyCount "42"]
[EventDate "2020.04.15"]
[EventType "swiss (blitz)"]
[EventRounds "9"]
[EventCountry "GER"]
[SourceTitle "CBM 196 Extra"]
[Source "ChessBase"]
[SourceDate "2020.07.31"]
[SourceVersion "1"]
[SourceVersionDate "2020.07.31"]
[SourceQuality "1"]

1. e4 e6 2. Nf3 d5 3. exd5 exd5 4. d4 Bf5 5. Bf4 Bd6 6. Bg3 Nf6 7. Bd3 Bg6 8. Nc3 Nc6 9. 0-0 Bxg3 10. hxg3 Qd6 11. Nb5 Qd7 12. Ne5 Nxe5 13. dxe5 Ne4 14. f3 Ng5 15. Nc3 0-0-0 16. Bxg6 hxg6 17. Re1 Qc6 18. f4 Qc5+ 19. Kf1 Ne4 20. b3 Nxc3 21. Qd2 Rh1# 0-1

[Event "GER-ch Net Amateur Gr-C Vor1"]
[Site "Playchess.com INT"]
[Date "2020.04.14"]
[Round "4"]
[White "Hierl, Johannes"]
[Black "Fettig, Michel"]
[Result "1-0"]
[WhiteElo "1446"]
[BlackElo "1364"]
[PlyCount "83"]
[EventDate "2020.04.14"]
[EventType "swiss (blitz)"]
[EventRounds "9"]
[EventCountry "GER"]
[SourceTitle "CBM 196 Extra"]
[Source "ChessBase"]
[SourceDate "2020.07.31"]
[SourceVersion "1"]
[SourceVersionDate "2020.07.31"]
[SourceQuality "1"]

1. d4 d5 2. Bf4 Bf5 3. e3 e6 4. Bd3 Bg6 5. Nf3 Bd6 6. Bg3 Ne7 7. Qe2 Nbc6 8. c4 dxc4 9. Bxc4 Nf5 10. Nc3 0-0 11. Rd1 Qe7 12. d5 exd5 13. Nxd5 Qd7 14. Bxd6 Qxd6 15. 0-0 Qc5 16. Nxc7 Rac8 17. Nd5 Rfe8 18. Bb3 Ncd4 19. Nxd4 Nxd4 20. exd4 Rxe2 21. dxc5 Rxc5 22. Rfe1 Rxe1+ 23. Rxe1 h6 24. h3 a5 25. Ne7+ Kf8 26. Nxg6+ fxg6 27. Rd1 Ke7 28. Re1+ Kd6 29. Re6+ Kc7 30. Rxg6 Rc1+ 31. Kh2 Rf1 32. Rxg7+ Kb8 33. f3 Rf2 34. Kg3 Rxb2 35. f4 a4 36. Be6 h5 37. f5 Re2 38. f6 Rxe6 39. f7 Re3+ 40. Kh2 Ka7 41. f8Q h4 42. Qf2 1-0

[Event "GER-ch Net Amateur Gr-C Vor1"]
[Site "Playchess.com INT"]
[Date "2020.04.14"]
[Round "6"]
[White "Mishra, Sanyukt"]
[Black "Fettig, Michel"]
[Result "1/2-1/2"]
[WhiteElo "1216"]
[BlackElo "1356"]
[PlyCount "81"]
[EventDate "2020.04.14"]
[EventType "swiss (blitz)"]
[EventRounds "9"]
[EventCountry "GER"]
[SourceTitle "CBM 196 Extra"]
[Source "ChessBase"]
[SourceDate "2020.07.31"]
[SourceVersion "1"]
[SourceVersionDate "2020.07.31"]
[SourceQuality "1"]

1. e4 e5 2. Nf3 Nc6 3. d4 exd4 4. Nxd4 d5 5. exd5 Qxd5 6. Be3 Bc5 7. c3 Nf6 8. Bb5 Bd7 9. 0-0 0-0 10. Bxc6 Bxc6 11. Nxc6 Qxd1 12. Rxd1 Bxe3 13. fxe3 bxc6 14. Nd2 Rfe8 15. Re1 Rad8 16. Nb3 Rd3 17. Nd4 Rexe3 18. Rxe3 Rxe3 19. Nxc6 Re6 20. Nxa7 Ra6 21. Nc8 Re6 22. Rd1 h6 23. Kf2 Ne4+ 24. Kf3 Ng5+ 25. Kg4 Re4+ 26. Kf5 Re2 27. Rd8+ Kh7 28. Rd7 Rxg2 29. Rxc7 Rxh2 30. a4 Rxb2 31. a5 Ra2 32. Rc5 Ne6 33. Rb5 Ra3 34. Nd6 Rxc3 35. Rb6 Nd4+ 36. Ke5 Nf3+ 37. Kf4 Ng5 38. a6 Ra3 39. Nc8 Ra4+ 40. Ke5 Ra5+ 41. Kf4 1/2-1/2

[Event "GER-ch Net Amateur Gr-C Vor1"]
[Site "Playchess.com INT"]
[Date "2020.04.14"]
[Round "2"]
[White "Schmidt, Thilo"]
[Black "Fettig, Michel"]
[Result "1-0"]
[WhiteElo "1620"]
[BlackElo "1524"]
[PlyCount "47"]
[EventDate "2020.04.14"]
[EventType "swiss (blitz)"]
[EventRounds "9"]
[EventCountry "GER"]
[SourceTitle "CBM 196 Extra"]
[Source "ChessBase"]
[SourceDate "2020.07.31"]
[SourceVersion "1"]
[SourceVersionDate "2020.07.31"]
[SourceQuality "1"]

1. e4 e6 2. d4 d5 3. Nd2 c5 4. exd5 exd5 5. dxc5 Bxc5 6. Ngf3 Bg4 7. Bb5+ Nc6 8. 0-0 Nge7 9. h3 Bh5 10. Nb3 0-0 11. Nxc5 Qd6 12. Nb3 Ne5 13. Be2 Nxf3+ 14. Bxf3 Bxf3 15. Qxf3 Rac8 16. Bf4 Qf6 17. Rac1 Qxb2 18. Bd6 Rfe8 19. Bxe7 Rxe7 20. Qxd5 h6 21. Qf5 Rcc7 22. Rfe1 Rxe1+ 23. Rxe1 Qxc2 24. Re8# 1-0